000 00987nam a22002297a 4500
005 20211127100834.0
008 211127b ||||| |||| 00| 0 eng d
020 _a8187966289
040 _cAL
082 _223
_a359.790
_bPALR
100 _aPrabhakaran Paleri
_910936
245 _aRole of the Coast Guard in the Maritime Security of India
260 _aNew Delhi
_bKnowledge World
_c2004
300 _axvii,377 p.
_bHB
_c24x16 cm.
365 _b650.00
_c
_d650.00
520 _aBook Summary of Role Of The Coast Guard In The Maritime Security Of India The coastguards have the capability to elevate the maritime standing of a littoral state in today's world, and also, to build international goodwill by cooperative engagement in humaritarian activities, and international law and treaty obligations.
650 _aMilitary Science
_910932
650 _aIndian Navy
_910933
650 _aNational Security
_910934
700 _aPALERI (Prabhakaran)
_910935
942 _2ddc
_cGF
999 _c220819
_d220819